Women & Law in West Africa : (Record no. 156126)

MARC details
000 -LEADER
fixed length control field 00918nam a2200241 a 4500
008 - FIXED-LENGTH DATA ELEMENTS--GENERAL INFORMATION
fixed length control field
049 ## - LOCAL HOLDINGS (OCLC)
Holding library MAIN
090 ## - LOCALLY ASSIGNED LC-TYPE CALL NUMBER (OCLC); LOCAL CALL NUMBER (RLIN)
Classification number (OCLC) (R) ; Classification number, CALL (RLIN) (NR) KQC145.W64
Local cutter number (OCLC) ; Book number/undivided call number, CALL (RLIN) WOM
003 - CONTROL NUMBER IDENTIFIER
control field
005 - DATE AND TIME OF LATEST TRANSACTION
control field 20230123133856.0
040 ## - CATALOGING SOURCE
Transcribing agency NUST
245 00 - TITLE STATEMENT
Title Women & Law in West Africa :
Remainder of title gender relations in the family - a west african perspective /
Statement of responsibility, etc. edited by Akua Kuenyehia.
246 30 - VARYING FORM OF TITLE
Title proper/short title Gender relations in the family - a West African perspective.
260 ## - PUBLICATION, DISTRIBUTION, ETC.
Place of publication, distribution, etc. Accra,Ghana :
Name of publisher, distributor, etc. Women and Law in West Africa,
Date of publication, distribution, etc. c2003.
300 ## - PHYSICAL DESCRIPTION
Extent xv, 215 p. ;
Dimensions 26 cm.
504 ## - BIBLIOGRAPHY, ETC. NOTE
Bibliography, etc. note Includes bibliographical references.
650 #0 - SUBJECT ADDED ENTRY--TOPICAL TERM
Topical term or geographic name entry element Women
General subdivision Legal status, laws, etc.
Geographic subdivision Africa, West.
700 1# - ADDED ENTRY--PERSONAL NAME
Personal name Kuenyehia, Akua.
710 2# - ADDED ENTRY--CORPORATE NAME
Corporate name or jurisdiction name as entry element Women & Law in West Africa (Research Project : Ghana).
710 2# - ADDED ENTRY--CORPORATE NAME
Corporate name or jurisdiction name as entry element University of Ghana.
Subordinate unit Human Rights Study Centre.
907 ## - LOCAL DATA ELEMENT G, LDG (RLIN)
a .b10138146
b 24-09-15
c 07-10-04
942 ## - ADDED ENTRY ELEMENTS (KOHA)
Koha item type Ordinary Loan Books
Call number prefix KQC145.W64
Call number suffix WOM
Holdings
Date last seen Total Checkouts Full call number Barcode Cost, replacement price Price effective from Koha item type Lost status Source of classification or shelving scheme Damaged status Not for loan Collection Withdrawn status Home library Current library Shelving location Date acquired Cost, normal purchase price
01/23/2023 5 KQC145.W64 WOM 92003030293 80.00 01/23/2023 BOOKS   LCC     NFIC   MAIN MAIN GEN 01/23/2023 80.00